00704nam a2200241 a 4500001001300000003000900013005001700022008004100039020001100080082001800091100002600109245004600135260003700181300001000218500003500228505001000263650001900273700002600292902000800318942000700326952011400333999001500447nice12345678IN_TiNIC20260116011531.0050524s1962 hyda grp 000 0 urd  ac2.2500a297.1226bABD aAbdul Qadir, Abulfida aSarchashma-E-Qur`anb Dr. Tisdil Ka Jawab aHyderabadbDeendar Anjumanc1962 a348p. aincludes index and biblioraphy2 aIndex aQuran-Theology1 aAbdul Qadir, Abulfida bSRS cBK 001040708StackRoom-aHMIbHMId2007-08-01g2.25l0o297.1226 ABDp03140r2007-08-01v2.25w2005-05-24yBK c2392d2392